Tutele rimediali in tema di rapporti obbligatori: archetipi romani e modelli attuali
Na minha lista:
| Autor principal: | |
|---|---|
| Formato: | Livro |
| Idioma: | Língua italiana |
| Publicado em: |
Turín
Giappichelli Editore
2015
|
| Edição: | 1a. ed |
| Colecção: | Il Giurista Europeo. Percorsi Formativi, 14
|
| Assuntos: | |
| Tags: |
Adicionar Tag
Sem tags, seja o primeiro a adicionar uma tag!
|
MARC
| LEADER | 00000cam a2200000 a 4500 | ||
|---|---|---|---|
| 001 | UCD3360 | ||
| 003 | CL-VaPUC | ||
| 008 | 160603e20150000it |||||||||||||||||ita|d | ||
| 020 | |a 9788892100909 | ||
| 082 | 0 | 4 | |a 340.54 |b GAR |2 21 |
| 100 | |a Garofalo, Luigi |e autor |9 620502 | ||
| 245 | 1 | 0 | |a Tutele rimediali in tema di rapporti obbligatori: archetipi romani e modelli attuali |
| 250 | |a 1a. ed | ||
| 300 | |a 356 p | ||
| 942 | |c BK | ||
| 945 | |d 20160603 11:43:00 |a arojas | ||
| 260 | |a Turín |b Giappichelli Editore |c 2015 | ||
| 650 | 0 | |a Derecho romano |9 255930 | |
| 650 | 7 | |a PROTECCION |2 CL-VaPUC |9 586801 | |
| 650 | 0 | |a Jurisprudencia romana |9 393300 | |
| 583 | |a last modification |c 20160603 11:43:00 |k Rodrigo Vera | ||
| 490 | 0 | |a Il Giurista Europeo. Percorsi Formativi, 14 | |
| 999 | |c 364396 |d 364394 | ||
| 952 | |0 0 |1 0 |3 erb |4 0 |6 340_540000000000000_GAR_2015 |7 0 |8 A |9 477560 |a BIBDER |b BIBDER |i 5288363 |o 340.54 GAR 2015 |p 5288363 |r 2023-01-25 |w 2019-11-24 |y BK |z Catalogado en:20160603 |k DER | ||